000 00219nam a22000857a 4500
008 161228b xxu||||| |||| 00| 0 eng d
100 _92197
_aAggarwala.N.K
245 _aEle.Grammar and Compo-1
260 _aNew Delhi
_bGBP
_c2010
999 _c5085
_d5085